| 000 | 00861nam a22002897a 4500 | ||
|---|---|---|---|
| 001 | BR8708046 | ||
| 003 | BR-BrBNA | ||
| 005 | 20230928092754.0 | ||
| 007 | ta | ||
| 008 | 230509b bl.||||| |||| 00| 0 por d | ||
| 040 |
_aBR-BrBNA _bpor _cBiblioteca Nacional de Agricultura |
||
| 041 | _a(Por) | ||
| 072 | _aP33 | ||
| 090 | _ P33 BR8708046 | ||
| 100 | 1 | _aRoloff, G. | |
| 110 | 1 |
_aEmbaixada do Brasil, Washington (USA). Setor de Ciencia e Tecnologia _93510 |
|
| 245 | 1 | _aAspectos dinamicos da estrutura de solos agricolas e seu estudo | |
| 246 | 1 | _a[Aspects of soil structure and its study] | |
| 260 | 3 |
_aWashington (USA): _c1986. |
|
| 300 | _a81 p. | ||
| 500 | _aBibliography p. 66-82 (174 ref.) | ||
| 650 | _aESTRUTURA DO SOLO | ||
| 650 | _aANALISE DO SOLO | ||
| 650 | _aQUIMICA DO SOLO | ||
| 909 |
_a202309 _bLucia _c55 _dLucia Elande |
||
| 942 | _cBK | ||
| 999 |
_c41110 _d41110 |
||